000 00889nam a2200253 i 4500
001 8603
003 KOSZ 005
005 20200423125348.0
008 070627s1970 pl a f 001 0 pol
015 _aPB 1970/5025
040 _aWA N
_cKOSZ 005/RW
_dKOSZ 005/RW
080 _a621.37/.39:621.317:62-5
100 1 _aBuśko, Bernard
_eAutor
245 1 0 _aVademecum zastosowań elektroniki /
_cBernard Buśko.
250 _aWyd. 2 rozsz.
260 _aWarszawa :
_bWydawnictwo Ministerstwa Obrony Narodowej,
_c1970.
300 _a663, [1] s. :
_bil. ;
_c18 cm.
380 _aKsiążki.
504 _aBibliogr. przy rozdz. Indeks.
650 4 _aElektronika
_xstosowanie.
710 2 _aWydawnictwo Ministerstwa Obrony Narodowej
_4pbl.
856 _uhttp://koha.tu.koszalin.pl/cgi-bin/koha/opac-detail.pl?biblionumber=8603
_yKatalog online BPK
942 _2UKD
_cKS
999 _c8603
_d8603